| 000 | 01539nam a22004093 4500 | ||
|---|---|---|---|
| 999 |
_c22847 _d22847 |
||
| 001 | vtls000640705 | ||
| 005 | 20200129125907.0 | ||
| 008 | 190619s2019 xo oac d f 001 0 slo d | ||
| 020 |
_a9788056611425 _q(brožované) |
||
| 035 | _aa000640705 | ||
| 040 |
_aUKB _bslo _dUKB _erda _cRDA |
||
| 041 | 1 |
_aslo _hger |
|
| 044 |
_axo _cSK |
||
| 072 | 7 |
_a37 _xVýchova a vzdelávanie _2konspekt |
|
| 080 |
_a159.922.7 _22011 |
||
| 080 |
_a37.03-053.2 _22011 |
||
| 080 |
_a173.3/.5 _22011 |
||
| 080 |
_a(035) _22011 |
||
| 100 | 1 |
_aKast-Zahn, Annette, _d1956- _4aut _91633 |
|
| 240 | 1 | 0 |
_aJedes Kind kann Regeln lernen. _lSlovensky |
| 245 | 1 | 0 |
_aAko naučiť deti pravidlá _cAnnette Kast-Zahn ; preklad Ivana Bušniaková |
| 246 | 1 |
_iNa prednej strane obálky: _aRady pre rodičov detí od 1 do 14 rokov |
|
| 250 | _a2. vydanie | ||
| 264 | 1 |
_aV Bratislave _bLindeni _bAlbatros Media Slovakia, s.r.o. _c2019 |
|
| 300 |
_a177 strán _bilustrácie, portréty |
||
| 336 |
_atext _btxt _2rdacontent |
||
| 337 |
_abez média _bn _2rdamedia |
||
| 338 |
_azväzok _bnc _2rdacarrier |
||
| 500 | _aVydalo nakladateľstvo Lindeni v spoločnosti Albatros Media Slovakia, s.r.o. | ||
| 500 | _aChybný údaj o vydaní na rube titulného listu. Správne: 1 vydanie - podľa údaju NA ISBN | ||
| 500 | _aPreložené z nemčiny | ||
| 650 | 0 | 7 |
_apsychológia dieťaťa _2UKBPH _91634 |
| 650 | 0 | 7 |
_avýchova dieťaťa _2UKBPH _91598 |
| 650 | 0 | 7 |
_arodičia a deti _2UKBPH _91600 |
| 655 | 7 |
_apríručky _2UKBPH _91541 |
|
| 700 | 1 |
_aBušniaková, Ivana _4trl _91635 |
|